| 000 | 02379nam0a2200397 4500 | ||
|---|---|---|---|
| 001 | RU\NLR\BIBL_A\022693174 | ||
| 005 | 20260330101837.0 | ||
| 010 |
_a978-5-00229-212-7 _950 |
||
| 021 |
_aRU _bКН-П-25-068260 _9КН-П-25-6606 |
||
| 035 | _a(NLR Aleph) 022693174 | ||
| 090 |
_a13646903 _c13646903 |
||
| 100 | _a20251222d2025 u y0rusy50 ca | ||
| 101 | 0 | _arus | |
| 102 | _aRU | ||
| 105 | _aa|||j|||000yy | ||
| 181 | 0 |
_ai3 _baxxe |
|
| 182 | 0 | _an | |
| 200 | 1 |
_aОсобенности расследования уголовных дел о преступлениях, связанных с оборотом средств платежей, предназначенных для неправомерного осуществления приема, выдачи, перевода денежных средств _eучебное пособие _fПастухов П. С., Дутов Н. Ю., Касьянова Е. В., Смагин П. Г. _gВоронежский институт МВД России |
|
| 203 |
_aТекст _bвизуальный _cнепосредственный |
||
| 210 |
_aВоронеж _cВоронежский институт МВД России _d2025 |
||
| 215 |
_a56 с. _d20 |
||
| 300 | _aВ вып. дан. 1-й и 2-й авт.: Пастухов П. С., д-р юрид. наук, доц., Дутов Н. Ю., канд. юрид. наук, доц. | ||
| 300 | _aАвт. указаны на обороте тит. с. | ||
| 320 | _aБиблиогр.: с. 53-56 (40 назв.) | ||
| 606 | 1 |
_aПреступления, связанные с неправомерным оборотом средств платежей _jУчебные издания _xРасследование _yРоссийская Федерация _92702966 _3RU\NLR\AUTH\6601768386 |
|
| 686 | 1 | _aХ629.431.6я7 | |
| 701 | 1 |
_aПастухов _bП. С. _gПавел Сысоевич |
|
| 701 | 1 |
_aДутов _bН. Ю. _gНиколай Юрьевич |
|
| 701 | 1 |
_aКасьянова _bЕ. В. _gЕвгения Васильевна |
|
| 701 | 1 |
_aСмагин _bП. Г. _gПавел Геннадьевич |
|
| 712 | 0 | 2 |
_4475 _aВоронежский институт МВД России _9828387 _3RU\NLR\AUTH\880581353 |
| 942 | _cBOOK | ||
| 980 | _aNB | ||